Estadística de caudales medios diarios y derrames : ciclo hidrológico 1993/1994 /
Guardado en:
| Autor Corporativo: | |
|---|---|
| Formato: | Libro |
| Idioma: | Spanish |
| Publicado: |
Neuquén :
AIC,
1994.
|
| Materias: | |
| Etiquetas: |
Agregar Etiqueta
Sin Etiquetas, Sea el primero en etiquetar este registro!
|
| LEADER | 00671nam a22001695a 4500 | ||
|---|---|---|---|
| 001 | EUN.um026178 | ||
| 003 | AR-BaUNS | ||
| 005 | 20050623122903.0 | ||
| 008 | 041125s1994####ag#a##########000#0#spa#d | ||
| 245 | 1 | 0 | |a Estadística de caudales medios diarios y derrames : |b ciclo hidrológico 1993/1994 / |c Autoridad Interjurisdiccional de las cuencas de los ríos Limay, Neuquén y Negro. |
| 260 | |a Neuquén : |b AIC, |c 1994. | ||
| 300 | |a 58 p. : |b ilus. ; |c 29 cm. | ||
| 082 | 0 | 4 | |a 551.49 |
| 653 | |a Hidrologia | ||
| 653 | |a Argentina | ||
| 110 | 2 | |a Autoridad Interjurisdiccional de las cuencas de los ríos Limay, Neuquén y Negro. | |
| 859 | |a Ar-BaUNS |b BIB. CENTRAL - Sector A |h 551.49 |i Au82 |p 104155/994 | ||
